OsamaSon - Osama Season (Tracklist) - Statistics

General Stats
  • This quiz has been taken 223 times
  • The average score is 8 of 12
Answer Stats
Hint Answer % Correct
7 X & Sex
84%
4 Summer Sixteen
78%
2 Werkin
77%
12 Troops
72%
9 Lambtruck
71%
6 Lil O
69%
3 Vlone
67%
8 Kutta
66%
1 Leh Go
64%
5 Anti
57%
10 Dont Let Looks Fool
55%
11 Pipeup
53%
No matching quizzes found
Score Distribution
Percent of People with Each Score
Percentile by Number Answered
Your Score History
You have not taken this quiz